PRINCIPLES OF GOVERNMENT AND POLITICS / (Record no. 615500)

000 -LEADER
fixed length control field 00349nam a22001337a 4500
020 ## - INTERNATIONAL STANDARD BOOK NUMBER
Qualifying information HB.
040 ## - CATALOGING SOURCE
Transcribing agency FIZZA ISHAQ
082 ## - DEWEY DECIMAL CLASSIFICATION NUMBER
Classification number 320.15
Author Mark ROB
100 ## - MAIN ENTRY--PERSONAL NAME
Personal name KOULISH,ROBERT.
9 (RLIN) 132256
245 ## - TITLE STATEMENT
Title PRINCIPLES OF GOVERNMENT AND POLITICS /
Statement of responsibility, etc. ROBERT KOULISH
260 ## - PUBLICATION, DISTRIBUTION, ETC.
Place of publication, distribution, etc. NEW YORK ;
Name of publisher, distributor, etc. PEARSON,
Date of publication, distribution, etc. 2011.
300 ## - PHYSICAL DESCRIPTION
Extent 490 P. ;
Dimensions 9.7X7.4IN
942 ## - ADDED ENTRY ELEMENTS (KOHA)
Source of classification or shelving scheme
Koha item type Book
Holdings
Withdrawn status Lost status Source of classification or shelving scheme Damaged status Not for loan Permanent Location Current Location Shelving location Date acquired Total Checkouts Full call number Barcode Date last seen Price effective from Koha item type
          NUST Baluchistan Campus (NBC) NUST Baluchistan Campus (NBC) Text Books 12/15/2025   320.15 ROB QD-860 12/15/2025 12/15/2025 Book
© 2023 Central Library, National University of Sciences and Technology. All Rights Reserved.